000
00297nam a22001337a 4500
008
170714b xxu||||| |||| 00| 0 eng d
020
_a
9780884899877
041
_a
eng
080
_a
16
100
_a
23
101
_a
FIL
245
_a
THE CATHOLIC FAITH HANDBOOK
_c
TOWN.B.S
942
_2
udc
_c
BK
999
_c
20678
_d
20678